Countries that spend over 1,000 UN peacekeeper troops - Statistics

General Stats
  • This quiz has been taken 109 times
  • The average score is 16 of 27
Answer Stats
Answer % Correct
India
87%
China
81%
Pakistan
81%
Egypt
77%
Niger
71%
Nigeria
70%
Kenya
69%
Ethiopia
68%
Indonesia
68%
South Africa
66%
Bangladesh
64%
Brazil
64%
Tanzania
61%
Chad
59%
Morocco
59%
Ghana
58%
Senegal
54%
Italy
53%
Rwanda
51%
Togo
50%
Cameroon
48%
Benin
47%
Mauritania
47%
Burundi
44%
Nepal
43%
Burkina Faso
41%
Uruguay
21%
No matching quizzes found
Score Distribution
Percent of People with Each Score
Percentile by Number Answered
Your Score History
You have not taken this quiz